Bytový dom

Guardado en:
Detalles Bibliográficos
Autor principal: Állóová, Viktória (Autor)
Otros Autores: Pavčeková, Monika (Orientador)
Formato: Manuscrito Libro
Lenguaje:eslovaco
Publicado: 2019
Materias:
Acceso en línea:http://is.stuba.sk/zp/portal_zp.pl?podrobnosti=149115
https://opac.crzp.sk/?fn=detailBiblioForm&sid=F8FE310152E9D1F1EB174F41F7FB
Etiquetas: Agregar Etiqueta
Sin Etiquetas, Sea el primero en etiquetar este registro!

MARC

LEADER 00000ntm a22000003a 4500
001 stuzp73266
003 SK-STU
005 20230525115416.8
007 ta
008 150427s2015----xo-----f-mn---000-0-slo-d
040 |a STU  |b slo 
041 0 |a slo 
100 1 |a Állóová, Viktória  |u 010180  |4 aut  |U SvF Stavebná fakulta  |T SvF Katedra konštrukcií pozemných stavieb  |X 63014  |U V180  |Y 18  |7 63014 
242 0 1 |a Residential building  |y eng 
245 1 0 |a Bytový dom 
260 |c 2019 
650 4 |a realizačný projekt  |2 slo 
650 4 |a tepelno-technické posúdenie  |2 slo 
650 4 |a bytový dom  |2 slo 
650 4 |a polyfunkcia  |2 slo 
650 4 |a zelená strecha  |2 slo 
650 4 |a residential building  |2 eng 
650 4 |a polyfunction  |2 eng 
650 4 |a green roof  |2 eng 
650 4 |a realization project  |2 eng 
650 4 |a thermo-technical assessment  |2 eng 
700 1 |a Pavčeková, Monika  |u 010180  |k Z1  |4 ths  |U SvF Stavebná fakulta  |T SvF Katedra konštrukcií pozemných stavieb  |X 10271  |U V180  |Y 18  |7 A000010271 
856 4 |u http://is.stuba.sk/zp/portal_zp.pl?podrobnosti=149115 
856 4 |u https://opac.crzp.sk/?fn=detailBiblioForm&sid=F8FE310152E9D1F1EB174F41F7FB